Welcome to CU Library Online Public Access Catalogue (OPAC)

Organizational Behavior (Record no. 1419)

MARC details
000 -LEADER
fixed length control field 00588nam a22001937a 4500
005 - DATE AND TIME OF LATEST TRANSACTION
control field 20241122105849.0
008 - FIXED-LENGTH DATA ELEMENTS--GENERAL INFORMATION
fixed length control field 241122b |||||||| |||| 00| 0 eng d
020 ## - INTERNATIONAL STANDARD BOOK NUMBER
International Standard Book Number 9780070182615
050 ## - LIBRARY OF CONGRESS CALL NUMBER
Classification number HD58.7
Item number .K766 KRE
100 ## - MAIN ENTRY--PERSONAL NAME
Personal name Kreitner Robert
245 ## - TITLE STATEMENT
Title Organizational Behavior
Statement of responsibility, etc. Robert Kreitner & Angelo Kinicki
250 ## - EDITION STATEMENT
Edition statement 9th Ed.
260 ## - PUBLICATION, DISTRIBUTION, ETC.
Place of publication, distribution, etc. Boston:
Name of publisher, distributor, etc. McGraw-Hill/Irwin
Date of publication, distribution, etc. 2010
300 ## - PHYSICAL DESCRIPTION
Extent xxxii. mixed pagings:
Other physical details ill. col.:
Dimensions 25.5 cm x 20.5 cm
500 ## - GENERAL NOTE
General note Includes Index
650 ## - SUBJECT ADDED ENTRY--TOPICAL TERM
Source of heading or term Organizational Behavior
700 ## - ADDED ENTRY--PERSONAL NAME
Personal name Kinicki Angelo
942 ## - ADDED ENTRY ELEMENTS (KOHA)
Source of classification or shelving scheme Library of Congress Classification
Koha item type Books
Edition 9th Ed.
Suppress in OPAC No
999 ## -
-- 1419
-- 1419
Holdings
Withdrawn status Lost status Source of classification or shelving scheme Damaged status Not for loan Collection Home library Current library Shelving location Date acquired Total checkouts Full call number Barcode Date last seen Copy number Price effective from Koha item type
    Library of Congress Classification     Non-fiction Business Library (Miotso) Business Library (Miotso) General stacks 11/22/2024   HD58.7 .K766 KRE BSSM00000273 11/22/2024 1 11/22/2024 Books
    Library of Congress Classification     Non-fiction Business Library (Miotso) Business Library (Miotso) General stacks 11/22/2024   HD58.7 .K766 KRE BSSM00000274 11/22/2024 2 11/22/2024 Books
    Library of Congress Classification     Non-fiction Undergraduate Library (Christ Temple) Undergraduate Library (Christ Temple) General stacks 03/11/2025   HD58.7.K766 KRE ulct00001636 03/11/2025 1 03/11/2025 Books
© 2023-2024 Copyright: Central University Libraries. All Rights Reserved | Created by: Mahone Tech Office